• 首页
  • 本馆介绍
  • 公告通知
  • 最新文献
  • 馆藏检索
  • 电子资源
  • 读者导购
  • 参考咨询
  • 我的图书馆
  • 登录
  • 详细信息显示
  • 放入我的书架
  • 预约/预借图书
  • 作者相关作品
  • 分类相关作品
  • 丛书相关作品
  • 出版社相关作品

书目信息

  • 表格格式
  • 工作单格式
  • 卡片格式
题名:
理论动态
    
 
作者: ;中共中央党校理论研究室 编
分册: 一九八四年 第四辑  
出版信息: 北京   中共中央党校出版社  1984.12
页数: 156页
开本: 20cm
丛书名:
单 册:
中图分类: D261.4
科图分类:
主题词: 中国共产党
电子资源:
ISBN:
000 00705nam0 2200229 45
001 0302260988
005 20031219104104.3
010    @dCNY0.70
091    @a3230.146
100    @a20030226d1984 km y0chiy0120 ea
101 0  @achi
105    @a z 000yy
200 1  @a理论动态@ALi Lun Dong Tai@h一九八四年 第四辑@h总第二十九辑@f中共中央党校理论研究室编@FZhong Gong Zhong Yang Dang Xiao Li Lun Yan Jiu Shi Bian
210    @a北京@c中共中央党校出版社@d1984.12
215    @a156页@d20cm
300    @a内部发行
300    @a汇编本(第523-540期)
606 0  @a中国共产党
690    @aD261.4@v3
711 02 @a中共中央党校理论研究室@4编
801    @aCN@bTSTC@c20030226
905    @f3@b136874-876@dD261.4@e21:29
    
    理论动态.一九八四年 第四辑.总第二十九辑/中共中央党校理论研究室编.-北京:中共中央党校出版社,1984.12
    156页;20cm
    内部发行.-汇编本(第523-540期)
    
    ISBN :CNY0.70
    
●
相关链接 在E读中查询图书 在五车中查询图书 在当当中查询图书 在豆瓣中查询图书


正题名:理论动态     索取号:D261.4/21:29         预约/预借

序号 登录号 条形码 馆藏地/架位号 状态 备注
1 0136874   001751955   密集书库/ [索取号:D261.4/21:29] 在馆    
2 0136875   001751919   密集书库/ [索取号:D261.4/21:29] 在馆    
3 0136876   001751875   第一样本阅览室/ [索取号:D261.4/21:29] 在馆    
唐山师范学院图书馆 欢迎您!
大连网信软件有限公司© 版权所有